Macroeconomics / (Record no. 1922)
[ view plain ]
| 000 -LEADER | |
|---|---|
| fixed length control field | 01565cam a22001934a 4500 |
| 020 ## - INTERNATIONAL STANDARD BOOK NUMBER | |
| ISBN | 0072314850 |
| 050 00 - CALL NUMBER | |
| Classification number | HB172.5 |
| Item number | .D67 |
| 100 1# - AUTHOR | |
| Personal name | Dornbusch, Rudiger. |
| 245 10 - TITLE | |
| Title | Macroeconomics / |
| Statement of responsibility, etc | Rudiger Dornbusch, Stanley Fischer, Richard Startz. |
| 250 ## - EDITION | |
| Edition statement | 8th ed. |
| 260 ## - PUBLICATION INFORMATION | |
| Place of publication | Boston, Mass. : |
| Name of publisher | McGraw-Hill, |
| Year of publication | 2001. |
| 300 ## - DESCRIPTION | |
| Number of Pages | xvii, 571 p. : |
| Other physical details | ill. ; |
| Dimensions | 24 cm. |
| 500 ## - NOTES | |
| General note | Includes Index |
| 505 ## - FORMATTED CONTENTS NOTE | |
| Table of Content | Part I: Introduction and National Income Accounting<br/>Chapter 1: Introduction<br/>Chapter 2: National Income Accounting<br/><br/>Part II: Growth, Aggregate Supply and Demand, and Policy<br/>Chapter 3: Growth and Accumulation<br/>Chapter 4: Growth and Policy<br/>Chapter 5: Aggregate Supply and Demand<br/>Chapter 6: Aggregate Supply: Wages, Prices and Unemployment<br/>Chapter 7: The Anatomy of Inflation and Unemployment<br/>Chapter 8: Policy<br/><br/>Part III: First Models<br/>Chapter 9: Income and Spending<br/>Chapter 10: Money, Interest, and Income<br/>Chapter 11: Monetary and Fiscal Policy<br/>Chapter 12: International Linkages<br/><br/>Part IV: Behavioral Foundations<br/>Chapter 13: Consumption and Savings<br/>Chapter 14: Investment Spending<br/>Chapter 15: The Demand for Money<br/>Chapter 16: The Fed, Money and Credit<br/>Chapter 17: Financial Markets<br/><br/>Part V: Big Events, International Adjustments, and Advanced Topics<br/>Chapter 18: Big Events: The Economics of Depression,<br/>Hyperinflation, and Deficits<br/>Chapter 19: International Adjustment and Interdependence<br/>Chapter 20: Advanced Topics |
| 650 #0 - SUBJECTS | |
| Topical Term | Macroeconomics. |
| 700 1# - OTHER AUTHORS | |
| Personal name | Fischer, Stanley. |
| 700 1# - OTHER AUTHORS | |
| Personal name | Startz, Richard, |
| 942 ## - ADDED ENTRY ELEMENTS (KOHA) | |
| Koha item type | Books |
| Withdrawn status | Lost status | Home library | Current library | Shelving location | Date acquired | Full call number | Accession Number | Copy number | Koha item type |
|---|---|---|---|---|---|---|---|---|---|
| Methodist University Library Tema | Methodist University Library Tema | General Stacks | 30/06/2006 | HB172.5 .D67 | 15828 | 1 | Books | ||
| Methodist University Library Tema | Methodist University Library Tema | General Stacks | 30/06/2006 | HB172.5 .D67 | 15829 | 2 | Books | ||
| Methodist University Library Tema | Methodist University Library Tema | General Stacks | 30/06/2006 | HB172.5 .D67 | 15830 | 3 | Books | ||
| Methodist University Library Tema | Methodist University Library Tema | General Stacks | 30/06/2006 | HB172.5 .D67 | 15831 | 4 | Books |